00701nam a2200241Ia 4500008004100000020002200041050001700063050002000080100002200100245001700122245003300139245002200172260001700194260002600211260000900237300001600246300002000262300001100282500005100293650004000344650002800384650004700412160418s9999 xx 000 0 und d a978-971-98-0279-2 aFIL DS 675.8 b.R5M37 2015 c.1 aMaranan, Ruben D. aJose Rizal : bfirst global Filipino hero / cRuben D. Maranan. aQuezon City: bC&E Publishing, Inc.  c2015 a479 pages : billustrations ; c22 cm. aIncludes bibliographical references and index. aHeroes -- Philippines -- Biography. aRizal, Jose, 1861-1896. xNationalists -- Philippines -- Biography.